00410nam a2200157Ia 450000100060000000300090000600500170001500800410003204000130007308200210008611000150010724500750012226000370019730000110023454600070024530112PK-LaUMT20221004170137.0140416s9999 xx 000 0 und d cPK-LaUMT aW 658.409bWOR-T aWorld Bank 4aThe task managers handbookbthe world bank's project cyclecWorld Bank aWashington,USA:bWorld Bank,cNA aVAR p. aEN